000 00683nam a2200241Ia 4500
003 OSt
005 20220928124037.0
006 a|||||r|||| 00| 0
007 ta
008 220927b |||||||| |||| 00| 0 eng d
024 _a36634
037 _cTextual
040 _aSDCL
_cSDCL
_beng
041 _2eng
_aeng
082 _aX4:446:(Z).73'N7, M1
100 _aFriedlaender Ann F
_9463189
245 0 _aFreight transport regulation.
260 _aCambridge
_bMIT Press
_c1981
300 _axv,366p
_ccm.
700 _a Spady Richard H
_9463190
942 _hX4:446:(Z).73'N7, M1
_cTEXL
_2CC
999 _c776126
_d776126